[Event "Bundesliga 1718"]
[Site "Germany"]
[Date "2018.03.10"]
[Round "11.7"]
[White "Nikolic, Predrag"]
[Black "Armbruster, Alexander"]
[Result "1-0"]
[WhiteElo "2586"]
[BlackElo "2306"]
[PlyCount "139"]
[EventDate "2017.10.21"]
[EventType "team-tourn"]
[EventRounds "15"]
[EventCountry "GER"]
[SourceTitle "CBM 184"]
[Source "ChessBase"]
[SourceDate "2018.05.16"]
[SourceVersion "1"]
[SourceVersionDate "2018.05.16"]
[SourceQuality "1"]
[WhiteTeam "Solingen"]
[BlackTeam "Hofheim"]
[WhiteTeamCountry "GER"]
[BlackTeamCountry "GER"]

1. d4 g6 2. Nf3 Bg7 3. g3 Nf6 4. Bg2 0-0 5. 0-0 d5 6. Na3 Bf5 7. c4 c6 8. Bf4 Be4 9. Qd2 e6 10. Rac1 Re8 11. Rfd1 Nbd7 12. h3 Nh5 13. Bg5 f6 14. Bh6 Bxh6 15. Qxh6 Qe7 16. Rc3 Rad8 17. cxd5 exd5 18. Nc2 Nf8 19. Nce1 Ne6 20. Qd2 Nhg7 21. e3 Nf5 22. Bf1 Nd6 23. Nh2 g5 24. f3 Bg6 25. Qf2 Ng7 26. Ng2 Rd7 27. b4 a6 28. a4 Ne6 29. Rdc1 Nc7 30. g4 Qg7 31. Be2 Rf7 32. Qg3 Qf8 33. Rb3 h6 34. h4 Qe7 35. Qh3 Kg7 36. Nf1 f5 37. gxf5 Nxf5 38. h5 Bh7 39. Rb2 Nd6 40. Nh2 Bf5 41. Qg3 Qd7 42. a5 Kh8 43. Bf1 Ree7 44. Rd2 Nce8 45. e4 dxe4 46. d5 e3 47. Re2 cxd5 48. Rxe3 Nf6 49. Rxe7 Rxe7 50. Qf2 Nxh5 51. Qd4+ Kh7 52. Rc5 Re6 53. Rxd5 Qe7 54. Rc5 Qg7 55. Qd2 Nf4 56. Ne3 Bg6 57. Nd5 Nxd5 58. Rxd5 Nf5 59. Bd3 Nh4 60. Kf2 Re7 61. Rd6 Qf8 62. Bxg6+ Nxg6 63. Qd3 Qf7 64. Ng4 h5 65. Nf6+ Kh6 66. Ne4 Qa2+ 67. Kf1 Qf7 68. Rf6 Qe8 69. Nd6 Rd7 70. Qf5 1-0

[Event "BL2-West 1617"]
[Site "Germany"]
[Date "2016.10.16"]
[Round "1.8"]
[White "Armbruster, Alexander"]
[Black "Stricker, Florian"]
[Result "1-0"]
[WhiteElo "2296"]
[BlackElo "2098"]
[PlyCount "55"]
[EventDate "2016.10.16"]
[EventType "team-tourn"]
[EventRounds "9"]
[EventCountry "GER"]
[SourceTitle "CBM 175 Extra"]
[Source "ChessBase"]
[SourceDate "2016.12.12"]
[SourceVersion "1"]
[SourceVersionDate "2016.12.12"]
[SourceQuality "1"]
[WhiteTeam "Hofheim"]
[BlackTeam "Bochum"]
[WhiteTeamCountry "GER"]
[BlackTeamCountry "GER"]

1. c4 e5 2. g3 Nf6 3. Bg2 Bc5 4. Nc3 d6 5. e3 Nc6 6. a3 a5 7. Nge2 Bg4 8. h3 Bh5 9. f4 exf4 10. gxf4 Nd7 11. 0-0 Qe7 12. Nd5 Qd8 13. Qe1 Bxe2 14. Qxe2 Nf6 15. Kh2 Nxd5 16. Bxd5 Qe7 17. Qg2 0-0 18. b3 Kh8 19. Bb2 f6 20. Rf3 Rae8 21. Rg1 Qd7 22. Rg3 Re7 23. Qf3 Nd8 24. Qh5 Ne6 25. Be4 Ng5 26. Rxg5 Rxe4 27. Rxg7 Qxg7 28. Rxg7 1-0

[Event "Hessenliga 1617"]
[Site "Hessen"]
[Date "2016.10.09"]
[Round "2.2"]
[White "Armbruster, Alexander"]
[Black "Dunsbach, Ralf"]
[Result "1/2-1/2"]
[WhiteElo "2296"]
[BlackElo "2180"]
[PlyCount "96"]
[EventDate "2016.09.18"]
[EventType "team-tourn"]
[EventRounds "9"]
[EventCountry "GER"]
[SourceTitle "EXT 2018"]
[Source "ChessBase"]
[SourceDate "2017.10.13"]
[SourceVersion "1"]
[SourceVersionDate "2017.10.13"]
[SourceQuality "1"]
[WhiteTeam "Hofheim II"]
[BlackTeam "Bad Homburg"]
[WhiteTeamCountry "GER"]
[BlackTeamCountry "GER"]

1. e4 e5 2. Nf3 Nc6 3. Bb5 a6 4. Ba4 Nf6 5. d3 b5 6. Bb3 Be7 7. 0-0 0-0 8. Bd5 Nxd5 9. exd5 Nd4 10. Nxe5 d6 11. Nf3 Bg4 12. Nbd2 Qd7 13. c3 Nxf3+ 14. Nxf3 Rfe8 15. a4 Bf6 16. axb5 axb5 17. Rxa8 Rxa8 18. Re1 h6 19. Qe2 b4 20. d4 Qa4 21. h3 Bd7 22. c4 Re8 23. Be3 Qb3 24. g4 Ra8 25. Kg2 Ra2 26. Bc1 Ra8 27. Nd2 Qa4 28. Qd3 Qa7 29. Nf3 Qa2 30. Kg3 Re8 31. Rxe8+ Bxe8 32. b3 Bd7 33. Bd2 Qa3 34. Qb1 g5 35. Be3 Kg7 36. h4 gxh4+ 37. Nxh4 Bxh4+ 38. Kxh4 Qa8 39. Kh5 f5 40. gxf5 Qe8+ 41. Kg4 Qg6+ 42. Kf4 Qg5+ 43. Kf3 Qh5+ 44. Kf4 Kf6 45. Kg3 Bxf5 46. Qf1 Qg4+ 47. Kh2 Qh4+ 48. Kg1 Qg4+ 1/2-1/2

[Event "BL2-West 1415"]
[Site "Germany"]
[Date "2014.12.07"]
[Round "4.8"]
[White "Armbruster, Alexander"]
[Black "Coenen, Norbert"]
[Result "1/2-1/2"]
[WhiteElo "2318"]
[BlackElo "2315"]
[PlyCount "50"]
[EventDate "2014.09.21"]
[EventType "team-tourn"]
[EventRounds "9"]
[EventCountry "GER"]
[SourceTitle "CBM 166 Extra"]
[Source "ChessBase"]
[SourceDate "2015.06.18"]
[SourceVersion "1"]
[SourceVersionDate "2015.06.18"]
[SourceQuality "1"]
[WhiteTeam "Godesberg"]
[BlackTeam "Aachen SV"]
[WhiteTeamCountry "GER"]
[BlackTeamCountry "GER"]

1. c4 e6 2. g3 Nf6 3. Bg2 d5 4. Nf3 dxc4 5. Qa4+ Nbd7 6. Qxc4 a6 7. Qc2 Be7 8. 0-0 0-0 9. Nc3 c5 10. b3 Qc7 11. Bb2 b6 12. d4 Bb7 13. dxc5 Nxc5 14. Rac1 Rac8 15. b4 Nce4 16. Qb3 Qd6 17. a3 Rfd8 18. Rfd1 Qb8 19. Nxe4 Rxd1+ 20. Rxd1 Bxe4 21. Nd4 Qb7 22. Bxe4 Qxe4 23. f3 Qd5 24. e4 Qxb3 25. Nxb3 h5 1/2-1/2

[Event "BL2-West 1415"]
[Site "Germany"]
[Date "2014.09.21"]
[Round "1.8"]
[White "Meyer, Kai Christian"]
[Black "Armbruster, Alexander"]
[Result "0-1"]
[WhiteElo "2148"]
[BlackElo "2318"]
[PlyCount "54"]
[EventDate "2014.09.21"]
[EventType "team-tourn"]
[EventRounds "9"]
[EventCountry "GER"]
[SourceTitle "CBM 166 Extra"]
[Source "ChessBase"]
[SourceDate "2015.06.18"]
[SourceVersion "1"]
[SourceVersionDate "2015.06.18"]
[SourceQuality "1"]
[WhiteTeam "Schoeneck"]
[BlackTeam "Godesberg"]
[WhiteTeamCountry "GER"]
[BlackTeamCountry "GER"]

1. d4 Nf6 2. Bg5 e6 3. e4 h6 4. Bxf6 Qxf6 5. c3 d6 6. Bd3 e5 7. Ne2 Nc6 8. 0-0 Bd7 9. Na3 g5 10. Bb5 a6 11. Bxc6 Bxc6 12. d5 Bd7 13. Nc4 Qg6 14. Ng3 h5 15. Ne3 g4 16. Ngf5 Bh6 17. Qd3 Bf4 18. c4 h4 19. b4 Qg5 20. Qc3 Bxh2+ 21. Kxh2 Qf4+ 22. Kg1 Bxf5 23. Nxf5 Qxe4 24. Ne3 Qf4 25. Qd3 h3 26. gxh3 Rxh3 27. Rfd1 Qf3 0-1

[Event "BL2-West 1213"]
[Site "Germany"]
[Date "2012.11.11"]
[Round "2.7"]
[White "Kollen, Zyon"]
[Black "Armbruster, Alexander"]
[Result "1-0"]
[WhiteElo "2170"]
[BlackElo "2312"]
[PlyCount "71"]
[EventDate "2012.10.14"]
[EventType "team-tourn"]
[EventRounds "9"]
[EventCountry "GER"]
[SourceTitle "CBM 154 Extra"]
[Source "ChessBase"]
[SourceDate "2013.06.25"]
[SourceVersion "2"]
[SourceVersionDate "2013.06.25"]
[SourceQuality "1"]
[WhiteTeam "Nordhorn Blanke"]
[BlackTeam "Godesberg"]
[WhiteTeamCountry "GER"]
[BlackTeamCountry "GER"]

1. e4 g6 2. d4 d6 3. Nc3 c6 4. Be3 Nf6 5. f3 Nbd7 6. Qd2 b5 7. d5 b4 8. dxc6 bxc3 9. cxd7+ Bxd7 10. Qxc3 Bg7 11. Qd2 0-0 12. Bd3 Qc7 13. c4 Rab8 14. Rb1 Nh5 15. Ne2 f5 16. 0-0 fxe4 17. Bxe4 Nf6 18. b3 Nxe4 19. fxe4 Qc6 20. Ng3 Be5 21. Bf4 Qc5+ 22. Be3 Qc6 23. Bxa7 Bxg3 24. Bxb8 Qb6+ 25. c5 Qxc5+ 26. Kh1 Rxb8 27. hxg3 Bc6 28. Qf4 Qh5+ 29. Kg1 Qc5+ 30. Rf2 e5 31. Qf7+ Kh8 32. Rbf1 Bb5 33. Qf6+ Kg8 34. Qe6+ Kh8 35. Kh2 Bxf1 36. Rf7 1-0

[Event "BL2-West 1112"]
[Site "Germany"]
[Date "2012.04.15"]
[Round "9.6"]
[White "Armbruster, Alexander"]
[Black "Gulbas, Cemil"]
[Result "0-1"]
[WhiteElo "2325"]
[BlackElo "2387"]
[PlyCount "96"]
[EventDate "2011.10.02"]
[EventType "team-tourn"]
[EventRounds "9"]
[EventCountry "GER"]
[SourceTitle "EXT 2015"]
[Source "ChessBase"]
[SourceDate "2014.11.20"]
[SourceVersion "1"]
[SourceVersionDate "2014.11.20"]
[SourceQuality "1"]
[WhiteTeam "Godesberg"]
[BlackTeam "Aachen"]
[WhiteTeamCountry "GER"]
[BlackTeamCountry "GER"]

1. c4 c6 2. Nf3 d5 3. e3 Nf6 4. d4 Bg4 5. Nbd2 e6 6. Bd3 Nbd7 7. Qc2 Bd6 8. b3 0-0 9. Bb2 Qb8 10. Ng5 h6 11. Nh7 Nxh7 12. Bxh7+ Kh8 13. h3 Bh5 14. g4 f5 15. Bxf5 exf5 16. gxh5 Qe8 17. 0-0-0 Qxh5 18. Kb1 Nf6 19. f3 Rae8 20. Rde1 Bg3 21. Re2 f4 22. Bc3 Rg8 23. Rg1 Bh4 24. e4 dxe4 25. Nxe4 Nxe4 26. fxe4 f3 27. Rd2 f2 28. Rf1 Qf3 29. e5 Qxh3 30. Rdd1 Qg4 31. Qd3 Re6 32. Bb2 Rf8 33. d5 Ree8 34. e6 Rf3 35. Qc2 Bg3 36. Rd3 Rxd3 37. Qxd3 cxd5 38. cxd5 Kg8 39. Bd4 Qf4 40. Qg6 Qxd4 41. Qxe8+ Kh7 42. Qb5 Qe4+ 43. Kc1 Bf4+ 44. Kb2 Be5+ 45. Kc1 Bf4+ 46. Kd1 Qd4+ 47. Kc2 Qd2+ 48. Kb1 Be5 0-1

[Event "Neckar op-A 16th"]
[Site "Deizisau"]
[Date "2012.04.07"]
[Round "4"]
[White "Erdos, Viktor"]
[Black "Armbruster, Alexander"]
[Result "1-0"]
[WhiteElo "2631"]
[BlackElo "2325"]
[PlyCount "59"]
[EventDate "2012.04.05"]
[EventType "swiss"]
[EventRounds "9"]
[EventCountry "GER"]
[SourceTitle "CBM 147 Extra"]
[Source "ChessBase"]
[SourceDate "2012.04.24"]
[SourceVersion "1"]
[SourceVersionDate "2012.04.24"]
[SourceQuality "1"]

1. d4 d6 2. Nf3 g6 3. c4 Bg7 4. g3 Nf6 5. Nc3 0-0 6. Bg2 Nbd7 7. 0-0 c6 8. e4 e5 9. h3 Re8 10. Be3 Qc7 11. Qc2 b6 12. d5 cxd5 13. cxd5 Bb7 14. Rfc1 Rac8 15. Nd2 Qb8 16. Qd1 h5 17. a4 a5 18. Bf1 Nc5 19. Rab1 Nfd7 20. b4 axb4 21. Rxb4 Bf8 22. Nc4 Ba6 23. Nxb6 Bxf1 24. Qxf1 Nxb6 25. a5 Qa8 26. axb6 Qa3 27. Rbb1 Rb8 28. Qc4 Rec8 29. Nb5 Qa6 30. Na7 1-0

[Event "BL2-West 1112"]
[Site "Germany"]
[Date "2012.03.18"]
[Round "8.5"]
[White "Armbruster, Alexander"]
[Black "Geske, Julian"]
[Result "1-0"]
[WhiteElo "2325"]
[BlackElo "2372"]
[PlyCount "133"]
[EventDate "2011.10.02"]
[EventType "team-tourn"]
[EventRounds "9"]
[EventCountry "GER"]
[SourceTitle "EXT 2015"]
[Source "ChessBase"]
[SourceDate "2014.11.20"]
[SourceVersion "1"]
[SourceVersionDate "2014.11.20"]
[SourceQuality "1"]
[WhiteTeam "Godesberg"]
[BlackTeam "Wiesbaden"]
[WhiteTeamCountry "GER"]
[BlackTeamCountry "GER"]

1. c4 b6 2. e4 Bb7 3. Nc3 e6 4. g3 f5 5. Bg2 Nf6 6. d3 Bb4 7. Bd2 0-0 8. Nge2 fxe4 9. Nxe4 Bxd2+ 10. Qxd2 Bxe4 11. dxe4 Nc6 12. Qc3 e5 13. 0-0 Qe7 14. h3 Qc5 15. Rad1 Rae8 16. Kh2 Kh8 17. f3 Re6 18. a3 a5 19. Rd5 Qe7 20. Rfd1 d6 21. b4 Nd7 22. R5d3 Rg6 23. h4 Rh6 24. Bh3 axb4 25. axb4 Ncb8 26. Ra1 Nf6 27. Ra8 Nh5 28. Qe1 Rhf6 29. Bg4 g6 30. Nc3 c6 31. b5 R6f7 32. Qd1 Nf6 33. Bh3 Qb7 34. Ra2 Ne8 35. Kg2 Nd7 36. Be6 Rf6 37. bxc6 Qxc6 38. Bd5 Qc8 39. Ra8 Nb8 40. Na4 Qd8 41. Nxb6 Nc7 42. Rxb8 Qxb8 43. Nd7 Qb2+ 44. Rd2 Qc3 45. Nxf6 Rxf6 46. Rd3 Qb4 47. Qd2 Qb6 48. Qa2 Nxd5 49. cxd5 Rf8 50. Rb3 Qc5 51. Qb2 Kg8 52. Rb8 Rxb8 53. Qxb8+ Kg7 54. Qb7+ Kg8 55. Qc6 Qe3 56. h5 Kg7 57. Qd7+ Kh6 58. hxg6 hxg6 59. Qd8 Kg7 60. Qe7+ Kg8 61. Qf6 Kh7 62. Kh3 Qc1 63. Kg4 Qc8+ 64. Kg5 Qe8 65. Qxd6 Qf7 66. Qf6 Qe8 67. d6 1-0

[Event "BL2-West 1112"]
[Site "Germany"]
[Date "2012.01.15"]
[Round "5.6"]
[White "Armbruster, Alexander"]
[Black "Schneider, Bernd"]
[Result "1/2-1/2"]
[WhiteElo "2325"]
[BlackElo "2424"]
[PlyCount "85"]
[EventDate "2011.10.02"]
[EventType "team-tourn"]
[EventRounds "9"]
[EventCountry "GER"]
[SourceTitle "EXT 2015"]
[Source "ChessBase"]
[SourceDate "2014.11.20"]
[SourceVersion "1"]
[SourceVersionDate "2014.11.20"]
[SourceQuality "1"]
[WhiteTeam "Godesberg"]
[BlackTeam "Bochum"]
[WhiteTeamCountry "GER"]
[BlackTeamCountry "GER"]

1. c4 e5 2. g3 d5 3. cxd5 Qxd5 4. Nf3 Bb4 5. a3 e4 6. Nh4 Ba5 7. b4 Bb6 8. Bb2 e3 9. f3 f6 10. Ng2 exd2+ 11. Qxd2 Ne7 12. Qxd5 Nxd5 13. e4 Ne3 14. Nxe3 Bxe3 15. Bc4 Nc6 16. Ke2 Bb6 17. Nd2 Nd4+ 18. Kd3 Nc6 19. Bd5 Ne7 20. Bb3 Bh3 21. Ba4+ c6 22. Ke2 0-0-0 23. Rac1 a6 24. Nb3 Ng6 25. Rhd1 Rxd1 26. Rxd1 Re8 27. Nc5 f5 28. Bc2 Bxc5 29. bxc5 fxe4 30. Bxe4 Rxe4+ 31. fxe4 Bg4+ 32. Kd2 Bxd1 33. Kxd1 Nf8 34. Bd4 Ne6 35. Be3 Kd7 36. Ke2 Ke7 37. Kd3 Kf6 38. Bf2 Ke5 39. Be3 g6 40. Bf2 Ng5 41. Bd4+ Ke6 42. Ke3 Ke7 43. Be5 1/2-1/2

[Event "Oberliga NRW 1011"]
[Site "Germany"]
[Date "2011.03.13"]
[Round "8.6"]
[White "Armbruster, Alexander"]
[Black "Winkels, Marcel"]
[Result "1-0"]
[WhiteElo "2311"]
[BlackElo "2058"]
[PlyCount "81"]
[EventDate "2010.09.26"]
[EventType "team-tourn"]
[EventRounds "9"]
[EventCountry "GER"]
[SourceTitle "EXT 2012"]
[Source "ChessBase"]
[SourceDate "2011.11.24"]
[SourceVersion "1"]
[SourceVersionDate "2011.11.24"]
[SourceQuality "1"]
[WhiteTeam "Godesberg"]
[BlackTeam "Muelheim Nord II"]
[WhiteTeamCountry "GER"]
[BlackTeamCountry "GER"]

1. Nf3 Nf6 2. c4 g6 3. d4 c5 4. d5 b5 5. cxb5 a6 6. b6 d6 7. Nc3 Nbd7 8. a4 Qxb6 9. a5 Qd8 10. e4 Bg7 11. Be2 0-0 12. 0-0 Rb8 13. Nd2 Ne8 14. Nc4 Nc7 15. Bg5 Qe8 16. Na4 Nb5 17. Rb1 h6 18. Be3 Kh7 19. Re1 Bb7 20. Bg4 Qd8 21. Nab6 Nxb6 22. Nxb6 Qc7 23. Qd3 Rbd8 24. Rec1 e5 25. b4 Nd4 26. bxc5 dxc5 27. Qa3 f5 28. Bxd4 exd4 29. exf5 gxf5 30. Bf3 Be5 31. g3 Bd6 32. Nc4 Ba8 33. Nxd6 Rxd6 34. Rxc5 Qd8 35. Qb3 Qf6 36. Qd3 Rfd8 37. Rb6 Rxb6 38. axb6 Qxb6 39. Qxf5+ Kg8 40. Qg4+ Kh7 41. Qxd4 1-0

[Event "Oberliga NRW 1011"]
[Site "Germany"]
[Date "2010.10.24"]
[Round "2.6"]
[White "Armbruster, Alexander"]
[Black "Skulener, Wladimir"]
[Result "1/2-1/2"]
[WhiteElo "2311"]
[BlackElo "2347"]
[PlyCount "57"]
[EventDate "2010.09.26"]
[EventType "team-tourn"]
[EventRounds "9"]
[EventCountry "GER"]
[SourceTitle "EXT 2012"]
[Source "ChessBase"]
[SourceDate "2011.11.24"]
[SourceVersion "1"]
[SourceVersionDate "2011.11.24"]
[SourceQuality "1"]
[WhiteTeam "Godesberg"]
[BlackTeam "Aachen Aufwaerts"]
[WhiteTeamCountry "GER"]
[BlackTeamCountry "GER"]

1. d4 f5 2. Bg5 g6 3. Nd2 Bg7 4. e4 fxe4 5. Nxe4 d5 6. Nc5 b6 7. Nb3 Nh6 8. Nf3 Nf7 9. Bh4 0-0 10. Be2 Qd7 11. Bg3 Nc6 12. c4 e6 13. 0-0 Bb7 14. Re1 Nd6 15. Bxd6 Qxd6 16. c5 Qf4 17. Bb5 Nd8 18. Nc1 a6 19. Be2 Nc6 20. Nd3 Qf7 21. cxb6 Nxd4 22. Nc5 cxb6 23. Nxb7 Nxe2+ 24. Qxe2 Qxb7 25. Qxe6+ Kh8 26. Rad1 Rad8 27. b3 d4 28. Ng5 Qd5 29. Qg4 1/2-1/2

[Event "BL2-West 0910"]
[Site "Germany"]
[Date "2009.12.13"]
[Round "4.6"]
[White "Trella, Thomas"]
[Black "Armbruster, Alexander"]
[Result "1-0"]
[WhiteElo "2391"]
[BlackElo "2329"]
[PlyCount "81"]
[EventDate "2009.10.18"]
[EventType "team-tourn"]
[EventRounds "9"]
[EventCountry "GER"]
[SourceTitle "EXT 2011"]
[Source "ChessBase"]
[SourceDate "2010.11.26"]
[SourceVersion "1"]
[SourceVersionDate "2010.11.26"]
[SourceQuality "1"]
[WhiteTeam "Gerresheim"]
[BlackTeam "Godesberg"]
[WhiteTeamCountry "GER"]
[BlackTeamCountry "GER"]

1. c4 Nf6 2. g3 e5 3. Bg2 Nc6 4. Nc3 Bb4 5. Nd5 0-0 6. a3 Be7 7. e3 Rb8 8. Ne2 b6 9. 0-0 Bb7 10. b3 Re8 11. Bb2 a6 12. f4 d6 13. Nec3 exf4 14. gxf4 Na5 15. e4 Bf8 16. Qc2 Nd7 17. Ne3 b5 18. cxb5 axb5 19. d3 c5 20. Rf3 Nc6 21. Nf5 Nd4 22. Nxd4 cxd4 23. Nxb5 d5 24. e5 Qb6 25. Nxd4 Bc5 26. Qf2 Bxd4 27. Qxd4 Qxb3 28. Bh3 Bc6 29. Bc3 Nf8 30. e6 Qb6 31. exf7+ Kxf7 32. Rg3 g6 33. f5 Qxd4+ 34. Bxd4 Re2 35. Rc1 Ba4 36. Bg4 Re7 37. Rf3 Ke8 38. Bc5 Rf7 39. f6 d4 40. Rf4 Bc6 41. Bxf8 1-0

[Event "NRW Class2 0708"]
[Site "Germany"]
[Date "2007.09.16"]
[Round "1.3"]
[White "Armbruster, Alexander"]
[Black "Pliester, Leon"]
[Result "0-1"]
[WhiteElo "2356"]
[BlackElo "2390"]
[PlyCount "78"]
[EventDate "2007.09.16"]
[EventType "team"]
[EventRounds "9"]
[EventCountry "GER"]
[SourceTitle "EXT 2009"]
[Source "ChessBase"]
[SourceDate "2008.11.26"]
[SourceVersion "1"]
[SourceVersionDate "2008.11.26"]
[SourceQuality "1"]
[WhiteTeam "Godesberg II"]
[BlackTeam "Bochum II"]
[WhiteTeamCountry "GER"]
[BlackTeamCountry "GER"]

1. d4 e6 2. c4 Nf6 3. Nc3 Bb4 4. e3 0-0 5. Nge2 Re8 6. a3 Bf8 7. d5 a5 8. g3 Na6 9. Rb1 exd5 10. cxd5 d6 11. f3 c6 12. Bg2 cxd5 13. Nxd5 Nxd5 14. Qxd5 Be6 15. Qd1 Nc5 16. b4 axb4 17. Rxb4 Qa5 18. 0-0 Qa6 19. Nf4 Bc4 20. Nd5 Nd3 21. Nc7 Qc6 22. Rxc4 Qxc4 23. Nxa8 Rxa8 24. Qd2 Rc8 25. Bb2 Qb3 26. Bd4 Rc2 27. Qd1 Qa2 28. Bh1 Nf2 29. Qxc2 Nh3+ 30. Kg2 Qxc2+ 31. Kxh3 g5 32. g4 Bg7 33. Bxg7 Kxg7 34. f4 Qe2 35. Bg2 h5 36. gxh5 f5 37. Kg3 Qxe3+ 38. Rf3 Qe1+ 39. Rf2 gxf4+ 0-1

[Event "Bundesliga 0506"]
[Site "Germany"]
[Date "2006.04.01"]
[Round "14.8"]
[White "Schlosser, Philipp"]
[Black "Armbruster, Alexander"]
[Result "1-0"]
[WhiteElo "2560"]
[BlackElo "2376"]
[PlyCount "73"]
[EventDate "2005.10.21"]
[EventType "team-tourn"]
[EventRounds "15"]
[EventCountry "GER"]
[SourceTitle "EXT 2007"]
[Source "ChessBase"]
[SourceDate "2006.11.23"]
[SourceVersion "1"]
[SourceVersionDate "2006.11.23"]
[SourceQuality "1"]
[WhiteTeam "Baden-Baden"]
[BlackTeam "Godesberg"]
[WhiteTeamCountry "GER"]
[BlackTeamCountry "GER"]

1. Nf3 d5 2. d4 e6 3. g3 c5 4. Bg2 Nc6 5. 0-0 Nf6 6. c4 Be7 7. cxd5 exd5 8. Nc3 Be6 9. b3 0-0 10. Bb2 Rc8 11. Rc1 Ne4 12. dxc5 Nxc5 13. Nd4 Qd7 14. Nxc6 bxc6 15. Qd4 f6 16. Rfd1 Bf7 17. Na4 Ne6 18. Qd2 Bh5 19. b4 Kh8 20. a3 f5 21. f4 Bd6 22. Rc2 Qb7 23. Rdc1 Qa6 24. Nc3 Rce8 25. Nxd5 cxd5 26. Rc6 Bxf4 27. gxf4 Qxe2 28. Qxe2 Bxe2 29. Rd6 Bc4 30. Be5 Nd8 31. Bxd5 Bxd5 32. Rxd5 Nf7 33. Rc7 Nxe5 34. fxe5 Re6 35. Rxa7 f4 36. Kf2 f3 37. Rf7 1-0

[Event "Bundesliga 0506"]
[Site "Germany"]
[Date "2006.02.18"]
[Round "10.8"]
[White "Armbruster, Alexander"]
[Black "Sielecki, Christof"]
[Result "1/2-1/2"]
[WhiteElo "2376"]
[BlackElo "2382"]
[PlyCount "24"]
[EventDate "2005.10.21"]
[EventType "team-tourn"]
[EventRounds "15"]
[EventCountry "GER"]
[SourceTitle "CBM 112"]
[Source "ChessBase"]
[SourceDate "2006.06.07"]
[SourceVersion "1"]
[SourceVersionDate "2006.06.07"]
[SourceQuality "1"]
[WhiteTeam "Godesberg"]
[BlackTeam "Muelheim Nord"]
[WhiteTeamCountry "GER"]
[BlackTeamCountry "GER"]

1. d4 Nf6 2. c4 Nc6 3. Nf3 e6 4. g3 Bb4+ 5. Bd2 Qe7 6. Bg2 Bxd2+ 7. Nbxd2 d6 8. 0-0 a5 9. e4 e5 10. d5 Nb8 11. Ne1 h5 12. Nc2 h4 1/2-1/2

[Event "Bundesliga 0506"]
[Site "Germany"]
[Date "2005.10.23"]
[Round "2.8"]
[White "Armbruster, Alexander"]
[Black "Gross, David2222"]
[Result "0-1"]
[WhiteElo "2376"]
[BlackElo "2467"]
[PlyCount "102"]
[EventDate "2005.10.21"]
[EventType "team-tourn"]
[EventRounds "15"]
[EventCountry "GER"]
[SourceTitle "CBM 110"]
[Source "ChessBase"]
[SourceDate "2006.01.31"]
[SourceVersion "1"]
[SourceVersionDate "2006.01.31"]
[SourceQuality "1"]
[WhiteTeam "Godesberg"]
[BlackTeam "Tegernsee"]
[WhiteTeamCountry "GER"]
[BlackTeamCountry "GER"]

1. d4 Nf6 2. Nf3 e6 3. c4 b6 4. e3 Bb7 5. Bd3 d5 6. Nbd2 Bd6 7. 0-0 0-0 8. b3 Nbd7 9. Bb2 Ne4 10. Rc1 Qe7 11. Bb1 f5 12. Qe2 a5 13. Rfd1 Nxd2 14. Rxd2 Nf6 15. Bd3 dxc4 16. Bxc4 a4 17. Bb5 axb3 18. axb3 Bd5 19. Bc6 Ra2 20. Bxd5 Nxd5 21. g3 Qf7 22. Rdc2 Qh5 23. Kg2 Qg4 24. Ba1 Ra3 25. h3 Qe4 26. Kg1 Nb4 27. Rd2 Qd5 28. Bc3 Rxb3 29. Bxb4 Rxb4 30. Rdc2 h6 31. Nd2 b5 32. Nb1 e5 33. Nc3 Qb7 34. Na2 Rb3 35. Rb2 Rxb2 36. Qxb2 exd4 37. Qxd4 b4 38. Qc4+ Kh8 39. Rb1 Qe4 40. Qb3 Ra8 41. Rd1 Ra3 42. Qb2 Qc4 43. Rd2 Rb3 44. Qa1 Qe4 45. Qe1 Rb1 46. Rd1 Rb2 47. Nc1 Qf3 48. Nd3 Re2 49. Qf1 Bxg3 50. Rb1 Rd2 51. Rb3 c5 0-1

[Event "BL2-West 0405"]
[Site "Germany"]
[Date "2004.11.14"]
[Round "2.8"]
[White "Armbruster, Alexander"]
[Black "Schulz, Klaus Juergen"]
[Result "1/2-1/2"]
[WhiteElo "2351"]
[BlackElo "2396"]
[PlyCount "178"]
[EventDate "2004.10.13"]
[EventType "team-tourn"]
[EventRounds "9"]
[EventCountry "GER"]
[SourceTitle "EXT 2006"]
[Source "ChessBase"]
[SourceDate "2005.11.24"]
[SourceVersion "1"]
[SourceVersionDate "2005.11.24"]
[SourceQuality "1"]
[WhiteTeam "Godesberg"]
[BlackTeam "Remagen"]
[WhiteTeamCountry "GER"]
[BlackTeamCountry "GER"]

1. d4 d5 2. c4 dxc4 3. e3 Nf6 4. Bxc4 e6 5. Nf3 c5 6. 0-0 a6 7. a4 Nc6 8. Qe2 Qc7 9. Nc3 Bd6 10. Bd2 0-0 11. Rac1 Bd7 12. Bd3 Qb6 13. dxc5 Bxc5 14. Ng5 Be7 15. Rfd1 Rad8 16. Be1 Nb4 17. Bc4 Bc6 18. Nf3 Rxd1 19. Rxd1 Rc8 20. b3 Nbd5 21. Ne5 Nxc3 22. Bxc3 Bd5 23. Qb2 Qc7 24. Bd4 Bf8 25. h3 h6 26. Qa1 Be4 27. Bb2 Bd5 28. Bd4 Bc5 29. Bb2 Be7 30. Rc1 Qd8 31. Rd1 Qd6 32. Bd4 Qc7 33. Bb2 Bd6 34. Bxd5 Nxd5 35. Rc1 Qd8 36. Rxc8 Qxc8 37. Nc4 Bf8 38. Bd4 Qc6 39. Qb2 f6 40. Qd2 Bb4 41. Qd3 e5 42. Bb2 b5 43. axb5 axb5 44. Nd2 Bxd2 45. Qxd2 Kf7 46. Qe2 Nc7 47. Qh5+ Kg8 48. Qd1 Ne6 49. Ba3 Kf7 50. Bb4 g6 51. Qa1 Qd7 52. Kh2 h5 53. Qa8 Kg7 54. Qe4 Ng5 55. Qa8 Ne6 56. Qe4 Kh7 57. Qc2 Ng7 58. Qd2 Qxd2 59. Bxd2 Ne8 60. Kg3 Kg7 61. Bb4 Kf7 62. Kf3 Ke6 63. e4 Nc7 64. Ke3 Na6 65. Bf8 Nb8 66. Kd3 Nc6 67. Bc5 f5 68. f3 f4 69. h4 Kf6 70. Kc3 g5 71. hxg5+ Kxg5 72. Bb6 Kf6 73. Bf2 Ke6 74. Bc5 Kd7 75. Kd3 Kc8 76. Kc3 Kb7 77. Bf2 Kc7 78. Bc5 Kd7 79. Kd3 Nd8 80. Kc3 Ne6 81. Bg1 h4 82. Kd3 Ng5 83. Ke2 Kc6 84. Bf2 h3 85. gxh3 Nxh3 86. Bh4 Kc5 87. Kf1 Kd4 88. Kg2 Ke3 89. Bf6 Nf2 1/2-1/2

[Event "Monarch Assurance 13th"]
[Site "Port Erin"]
[Date "2004.09.30"]
[Round "6"]
[White "Armbruster, Alexander"]
[Black "Hagesaether, Arne"]
[Result "1/2-1/2"]
[WhiteElo "2351"]
[BlackElo "2101"]
[PlyCount "81"]
[EventDate "2004.09.25"]
[EventType "swiss"]
[EventRounds "9"]
[EventCountry "IOM"]
[SourceTitle "CBM 102 Extra"]
[Source "ChessBase"]
[SourceDate "2004.11.03"]
[SourceVersion "1"]
[SourceVersionDate "2004.11.03"]
[SourceQuality "1"]

1. d4 d5 2. Nf3 c6 3. e3 Nf6 4. Bd3 a6 5. 0-0 g6 6. Nbd2 Nbd7 7. a4 Bg7 8. c4 0-0 9. cxd5 cxd5 10. b4 Re8 11. Bb2 e5 12. dxe5 Ng4 13. Bd4 Ndxe5 14. Be2 Qd6 15. h3 Nxf3+ 16. Nxf3 Bxd4 17. Qxd4 Re4 18. Qd2 Ne5 19. Nxe5 Rxe5 20. b5 Bf5 21. Rfd1 Rc8 22. Rac1 Rxc1 23. Rxc1 Re4 24. bxa6 bxa6 25. a5 Ra4 26. Rd1 Be6 27. Rb1 Qa3 28. Bxa6 Rxa5 29. Rb8+ Kg7 30. Qd4+ f6 31. Rb7+ Bf7 32. Qa7 Qa1+ 33. Kh2 Qe5+ 34. g3 Qe6 35. Re7 Rxa6 36. Rxf7+ Qxf7 37. Qxa6 Qd7 38. Qd3 Qe6 39. Qd4 g5 40. Qa7+ Kg6 41. Qd4 1/2-1/2